000 00776cab a2200253 4500
001 WB3131-54
008 090401t1995 xxu||||| |||| 00| 0 eng d
035 _a(Sirsi) u51863
041 _aeng
245 _aColliers Jardine tempts Far Eastern investors
260 _c1995
350 _a0
490 _aEstates Gazette
_v(9532) 12 August 1995, 31(1)
520 _aAccording to a report by Colliers Jardine, the next wave of investors into London could be from India. Includes figures comparing housing costs across the Far East.
650 _aBOMBAY
650 _aCOLLIERS JARDINE
650 _aCONDOMINIUMS
650 _aFAR EAST
650 _aHOUSE PRICES
650 _aHOUSING INVESTMENT
690 _aHOUSING-FINANCE
942 _n0
948 _c04/03/1997
999 _c32178
_d32178